Технология, селекция и семеноводство сельскохозяйственных культур (Запись № 721268)
[ простой вид ]
| 000 -МАРКЕР | |
|---|---|
| контрольное поле | 01803nam1a2200337 i 4500 |
| 001 - ИДЕНТИФИКАТОР ЗАПИСИ | |
| контрольное поле | RU\NLR\bibl\734145 |
| 005 - ИДЕНТИФИКАТОР ВЕРСИИ | |
| контрольное поле | 20260407042241.0 |
| 035 ## - ДРУГИЕ СИСТЕМНЫЕ НОМЕРА | |
| Идентификатор записи | (NLR Aleph) 000724079 |
| 100 ## - ДАННЫЕ ОБЩЕЙ ОБРАБОТКИ | |
| Данные общей обработки | 20050311g20039999k y0rusy50 ca |
| 101 0# - ЯЗЫК РЕСУРСА | |
| Язык текста, звукозаписи и т.д. | русский |
| 102 ## - СТРАНА ПУБЛИКАЦИИ ИЛИ ПРОИЗВОДСТВА | |
| Страна публикации | Российская Федерация |
| 105 ## - ПОЛЕ КОДИРОВАННЫХ ДАННЫХ: ТЕКСТОВЫЕ МАТЕРИАЛЫ, МОНОГРАФИЧЕСКИЕ | |
| Кодированные данные о монографическом текстовом документе | ||||z ||||| |
| 200 1# - ЗАГЛАВИЕ И СВЕДЕНИЯ ОБ ОТВЕТСТВЕННОСТИ | |
| Основное заглавие | Технология, селекция и семеноводство сельскохозяйственных культур |
| Сведения, относящиеся к заглавию | Межвуз. сб. науч. тр. |
| Первые сведения об ответственности | М-во сел. хоз-ва Рос. Федерации, Федерал. гос. образоват. учреждение высш. проф. образования "Азово-Черномор. гос. агроинженер. акад." |
| Последующие сведения об ответственности | [Редкол.: ... д.с.-х.н. Ерешко А.С., отв. ред. и др.] |
| 210 ## - ПУБЛИКАЦИЯ, РАСПРОСТРАНЕНИЕ И ДР. | |
| Место издания, распространения и т.д. | Зерноград |
| Имя издателя, распространителя и т. д. | АЧГАА |
| Дата издания, распространения и т.д. | 2003 |
| 215 ## - ФИЗИЧЕСКАЯ ХАРАКТЕРИСТИКА | |
| Размеры | 29 |
| 463 #0 - УРОВЕНЬ ФИЗИЧЕСКОЙ ЕДИНИЦЫ | |
| Встроенное поле | 001607406 |
| 463 #0 - УРОВЕНЬ ФИЗИЧЕСКОЙ ЕДИНИЦЫ | |
| Встроенное поле | 0011270472 |
| 606 0# - НАИМЕНОВАНИЕ ТЕМЫ КАК ПРЕДМЕТ | |
| Наименование темы | Полевые культуры |
| Формальный подзаголовок | Сборники |
| Тематический подзаголовок | Агротехника |
| Системный номер авторитетной/нормативной записи | 2287721 |
| Идентификатор авторитетной/нормативной записи | RU\NLR\auth\661370278 |
| 606 ## - НАИМЕНОВАНИЕ ТЕМЫ КАК ПРЕДМЕТ | |
| Наименование темы | Семеноводство |
| Формальный подзаголовок | Сборники |
| Системный номер авторитетной/нормативной записи | 900933 |
| Идентификатор авторитетной/нормативной записи | RU\NLR\auth\667443 |
| 606 ## - НАИМЕНОВАНИЕ ТЕМЫ КАК ПРЕДМЕТ | |
| Наименование темы | Сельскохозяйственные растения |
| Формальный подзаголовок | Сборники |
| Тематический подзаголовок | Селекция |
| Системный номер авторитетной/нормативной записи | 1299095 |
| Идентификатор авторитетной/нормативной записи | RU\NLR\auth\66220419 |
| 686 ## - ИНДЕКСЫ ДРУГИХ КЛАССИФИКАЦИЙ | |
| Индекс | П21-4я43 |
| 686 ## - ИНДЕКСЫ ДРУГИХ КЛАССИФИКАЦИЙ | |
| Индекс | П137я43 |
| 686 ## - ИНДЕКСЫ ДРУГИХ КЛАССИФИКАЦИЙ | |
| Индекс | П131я43 |
| 702 #1 - ИМЯ ЛИЦА - ВТОРИЧНАЯ ОТВЕТСТВЕННОСТЬ | |
| Начальный элемент ввода | Ерешко |
| Часть имени, кроме начального элемента ввода | А. С. |
| Расширение инициалов личного имени | Александр Сергеевич |
| Код отношения | Редактор |
| 712 02 - НАИМЕНОВАНИЕ ОРГАНИЗАЦИИ - ВТОРИЧНАЯ ОТВЕТСТВЕННОСТЬ | |
| Код отношения | Прочие |
| Начальный элемент ввода | Азово-Черноморская государственная агроинженерная академия |
| Идентифицирующий признак | Зерноград, Ростовская обл. |
| Идентификатор авторитетной/нормативной записи | RU\NLR\AUTH\8810014480 |
| Системный номер авторитетной/нормативной записи | 526863 |
| 801 #0 - ИСТОЧНИК ЗАПИСИ | |
| Страна | Российская Федерация |
| Организация | NLR |
| Дата составления | 20050311 |
| Правила каталогизации | rcr |
| 801 #1 - ИСТОЧНИК ЗАПИСИ | |
| Страна | Российская Федерация |
| Организация | NLR |
| Дата составления | 20050311 |
| 852 ## - МЕСТОНАХОЖДЕНИЕ И ШИФР ХРАНЕНИЯ | |
| Идентификатор организации | NLR |
| Шифр хранения (Call Number) | 2005-8/265 |
| 942 ## - ДОПОЛНИТЕЛЬНЫЕ ЭЛЕМЕНТЫ ЗАПИСИ (АБИС) | |
| Тип экземпляра АБИС | Книга |
Нет доступных экземпляров.